| 000 | 00553nam a2200181 4500 | ||
|---|---|---|---|
| 999 |
_c189448 _d189448 |
||
| 005 | 20220701110405.0 | ||
| 010 | _aENG-133168 | ||
| 020 |
_a9789387253292 _c160.00 |
||
| 035 | _aEN-116700 | ||
| 037 | _bDBAD/PUB | ||
| 082 | _a485 | ||
| 100 | _aGarg, Manoj Kumar | ||
| 245 |
_aGeneral English: _bFor Undergraduate Students/ _cManoj Kumar Garg |
||
| 260 |
_aAllahabad _bKitab Mahal _c2018 |
||
| 270 |
_bAllahabad _a22, Sarojini Naidu Marg _e211001 _mkitab_mahal@hotmail.com |
||
| 300 |
_a212p. _c21cm(pbk) |
||
| 942 |
_2ddc _cEN _h485 _mGAR |
||